INTERNATIONAL ECONOMICS (Record no. 189312)

MARC details
000 -LEADER
fixed length control field 00423nam a22001697a 4500
003 - CONTROL NUMBER IDENTIFIER
control field OSt
020 ## - INTERNATIONAL STANDARD BOOK NUMBER
International Standard Book Number 9788131725634
082 ## - DEWEY DECIMAL CLASSIFICATION NUMBER
Classification number 337
Item number PAU/IN
100 ## - MAIN ENTRY--PERSONAL NAME
Personal name PAUL R KRUGMAN , MAURICE OBSTFELD
245 ## - TITLE STATEMENT
Title INTERNATIONAL ECONOMICS
Remainder of title THEORY AND POLICY
250 ## - EDITION STATEMENT
Edition statement 1ST
260 ## - PUBLICATION, DISTRIBUTION, ETC. (IMPRINT)
Place of publication, distribution, etc. NEW DELHI
Name of publisher, distributor, etc. PEARSON
Date of publication, distribution, etc. 2013
300 ## - PHYSICAL DESCRIPTION
Extent 706
650 ## - SUBJECT ADDED ENTRY--TOPICAL TERM
Topical term or geographic name as entry element WORLD TRADE
700 ## - ADDED ENTRY--PERSONAL NAME
Personal name PAUL R KRUGMAN , MAURICE OBSTFELD
942 ## - ADDED ENTRY ELEMENTS (KOHA)
Source of classification or shelving scheme Dewey Decimal Classification
Koha item type Books (General)
Holdings
Withdrawn status Lost status Source of classification or shelving scheme Damaged status Not for loan Home library Current library Date acquired Cost, normal purchase price Total Checkouts Full call number Date last seen Date checked out Price effective from Koha item type
    Dewey Decimal Classification     College of Co-operation, Banking & Management Library, Vellanikkara College of Co-operation, Banking & Management Library, Vellanikkara 05/04/2016 0.00 1 337 PAU/IN 27/07/2018 09/07/2018 05/04/2016 Books (General)
Kerala Agricultural University Central Library
Thrissur-(Dt.), Kerala Pin:- 680656, India
Ph : (+91)(487) 2372219
E-mail: librarian@kau.in
Website: http://library.kau.in/